000 00361nam a2200145Ia 4500
008 230711s9999||||xx |||||||||||||| ||und||
041 _aENG
082 _a621
_bDU-T
100 _aDubey,G.K
245 0 _aThyristorised power controllers
250 _a1st Ed.
260 _c1990
_aNew Delhi
_bWiley Eastern Limited
650 _aElectrical Engineering
942 _cBK
999 _c705
_d705